[Event "3rd Vardaris Open 2017"]
[Site "masterchessopen.com Thessaloniki GRE"]
[Date "2017.02.26"]
[Round "5.4"]
[White "Androutsopoulos-Agiotatos,Vasil"]
[Black "Nasuta,G"]
[Result "1-0"]
[WhiteElo "2102"]
[BlackElo "2455"]

1.e4 c5 2.Nf3 d6 3.d4 cxd4 4.Nxd4 Nf6 5.Nc3 a6 6.Qd3 Nbd7 7.Bg5 e6 8.f4 Qc7
9.O-O-O b5 10.Be2 Bb7 11.Bf3 b4 12.Na4 Be7 13.Rhe1 Nc5 14.Qc4 Rc8 15.Bxf6 gxf6
16.Nxc5 dxc5 17.Nxe6 Qb6 18.Bh5 {#r} 1-0

[Event "3rd Vardaris Open 2017"]
[Site "masterchessopen.com Thessaloniki GRE"]
[Date "2017.02.26"]
[Round "5.9"]
[White "Tsironis,Alexandros"]
[Black "Giannoulakis,Lampros"]
[Result "0-1"]
[WhiteElo "2010"]
[BlackElo "2328"]

1.e4 c5 2.Nf3 d6 3.d4 cxd4 4.Nxd4 Nf6 5.Nc3 a6 6.Bg5 Nbd7 7.Bc4 Qb6 8.Bb3 e6
9.Qd2 Be7 10.O-O-O Nc5 11.Rhe1 O-O 12.f4 h6 13.Bxf6 Bxf6 14.Kb1 Qc7 15.g4 b5
16.h4 b4 17.Na4 Nxa4 18.Bxa4 Bxd4 19.Qxd4 e5 20.Qxd6 Qxd6 21.Rxd6 exf4 22.g5
hxg5 23.hxg5 Be6 24.g6 Rfd8 25.gxf7+ Kxf7 26.Rd3 g5 27.Kc1 g4 28.Rf1 f3 29.Kd2
Kf6 30.Ke3 Bc4 31.Rxd8 Rxd8 32.Rg1 Kg5 33.e5 Rf8 34.Kf2 Be6 35.Bc6 Kf4 36.c3
bxc3 37.bxc3 Rh8 38.c4 Rh2+ 39.Kf1 Bxc4+ {#R} 0-1

[Event "3rd Vardaris Open 2017"]
[Site "masterchessopen.com Thessaloniki GRE"]
[Date "2017.02.26"]
[Round "6.3"]
[White "Ioannidis,Ev"]
[Black "Stanojoski,Z"]
[Result "1-0"]
[WhiteElo "2329"]
[BlackElo "2448"]

1.d4 Nf6 2.c4 c5 3.d5 b5 4.cxb5 a6 5.bxa6 Bxa6 6.Nc3 d6 7.Nf3 g6 8.e4 Bxf1
9.Kxf1 Bg7 10.g3 O-O 11.Kg2 Nbd7 12.a4 Qb6 13.Qe2 Rfb8 14.Nb5 Ne8 15.Bg5 Kf8
16.Rhe1 Nc7 17.e5 dxe5 18.Bxe7+ Kg8 19.Qc4 e4 20.Qxe4 Nxb5 21.axb5 Rxa1
22.Rxa1 Qxb5 23.Ra7 Bxb2 24.Qf4 Re8 25.Qc7 Ne5 26.Nxe5 Bxe5 27.Qxe5 c4 28.Rc7
{#r} 1-0

[Event "3rd Vardaris Open 2017"]
[Site "masterchessopen.com Thessaloniki GRE"]
[Date "2017.02.26"]
[Round "6.6"]
[White "Arsovic,Jelena"]
[Black "Frendzas,P"]
[Result "1-0"]
[WhiteElo "2030"]
[BlackElo "2340"]

1.e4 c5 2.Nf3 Nc6 3.Bb5 g6 4.Bxc6 bxc6 5.d3 Bg7 6.O-O d6 7.Nc3 e5 8.Bg5 f6
9.Be3 Ne7 10.h3 O-O 11.Nh2 f5 12.exf5 Nxf5 13.Ne4 Be6 14.Qd2 Rb8 15.b3 Rb7
16.Bg5 Qb8 17.Ng4 Rbf7 18.Rae1 h5 19.Nh6+ Nxh6 20.Bxh6 Bf5 21.Bxg7 Kxg7 22.Qc3
Bxe4 23.Rxe4 Qd8 24.f3 Rf4 25.Rfe1 Qg5 26.Rxf4 Rxf4 27.Qd2 Qg3 28.Qf2 Qg5
29.a4 Rf7 30.Kh1 Qd8 31.Qe3 Rf4 32.Qf2 Rf7 33.Qe3 Qa5 34.Qf2 Qc3 35.Re4 Rf4
36.Re2 {#r} 1-0

[Event "3rd Vardaris Open 2017"]
[Site "masterchessopen.com Thessaloniki GRE"]
[Date "2017.02.26"]
[Round "6.9"]
[White "Nasuta,G"]
[Black "Shpati,Ted"]
[Result "1-0"]
[WhiteElo "2455"]
[BlackElo "2058"]

1.e4 c5 2.Nf3 Nc6 3.Bb5 Nf6 4.Bxc6 dxc6 5.d3 Bg4 6.h3 Bxf3 7.Qxf3 e6 8.Bf4 Be7
9.Nd2 O-O 10.O-O Nd7 11.Rae1 e5 12.Be3 f6 13.Qg4 Rf7 14.f4 Bd6 15.f5 Nf8 16.h4
Kh8 17.Qf3 h6 18.Re2 Nh7 19.g4 Kg8 20.Rg2 Kf8 21.g5 fxg5 22.hxg5 Nxg5 23.Bxg5
hxg5 24.Qh5 Ke7 25.Qg6 Qd7 26.Qxg5+ Ke8 27.f6 gxf6 28.Rxf6 Bf8 29.Qh5 Rc8
30.Rgf2 {#r} 1-0

[Event "BUCA 2017"]
[Site "masterchessopen.com Birmingham ENG"]
[Date "2017.02.26"]
[Round "4.2"]
[White "Batchelor,Peter J"]
[Black "Starley,Robert"]
[Result "1-0"]
[WhiteElo "2327"]
[BlackElo "2045"]

1.d4 Nf6 2.c4 e6 3.Nf3 d5 4.Nc3 Be7 5.Bf4 O-O 6.e3 a6 7.Qc2 Nc6 8.a3 dxc4
9.Bxc4 b5 10.Bd3 Bb7 11.O-O h6 12.h3 Qd7 13.Rfd1 Nd5 14.Nxd5 exd5 15.Bh7+ Kh8
16.Bf5 Qd8 17.e4 dxe4 18.Bxe4 Bd6 19.Bxd6 Qxd6 20.Rac1 Na5 21.Bxb7 Nxb7
22.Qxc7 Qd5 23.Re1 Rac8 24.Qxc8 Rxc8 25.Rxc8+ Kh7 26.Ree8 Na5 27.Ne5 g6 28.Re7
h5 29.Rxf7+ Kh6 30.Rh8+ Kg5 31.f4+ Kh4 32.Kh2 {#r} 1-0

[Event "BUCA 2017"]
[Site "masterchessopen.com Birmingham ENG"]
[Date "2017.02.26"]
[Round "4.1"]
[White "Kirk,Ez"]
[Black "Murphy,Conor E"]
[Result "0-1"]
[WhiteElo "2343"]
[BlackElo "2077"]

1.e4 c5 2.Nf3 e6 3.d4 cxd4 4.Nxd4 Nc6 5.Nxc6 bxc6 6.Nc3 d5 7.Bd3 Nf6 8.O-O Be7
9.Kh1 O-O 10.f4 Nd7 11.Na4 Nb6 12.Nxb6 axb6 13.c3 Ba6 14.e5 g6 15.Rf3 Bxd3
16.Rxd3 b5 17.Be3 Ra4 18.b4 Qa8 19.Qe2 Qa6 20.g4 Ra8 21.Rd2 Qb7 22.Bd4 c5
23.bxc5 Rc4 24.Qe3 Ra3 25.f5 Raxc3 26.Qf2 Bxc5 27.Bxc5 d4+ 28.Kg1 Qe4 29.fxe6
Rc1+ 30.Rd1 Qxg4+ 31.Qg2 Qxd1+ {#R} 0-1

[Event "BUCA 2017"]
[Site "masterchessopen.com Birmingham ENG"]
[Date "2017.02.26"]
[Round "4.1"]
[White "Horton,Andrew P"]
[Black "Manole,S"]
[Result "1-0"]
[WhiteElo "2298"]
[BlackElo "2078"]

1.Nf3 d5 2.c4 c6 3.g3 Nf6 4.Bg2 Bf5 5.cxd5 cxd5 6.Qb3 Qb6 7.Qxb6 axb6 8.Nc3
Nc6 9.d3 e6 10.O-O Be7 11.Bf4 O-O 12.Rfc1 Rfc8 13.Nb5 Nd7 14.Nd6 Bxd6 15.Bxd6
h6 16.a3 Bg4 17.e3 Kh7 18.h3 Bf5 19.Bf1 Nc5 20.Bxc5 bxc5 21.Rxc5 Ne5 22.Rxc8
Nxf3+ 23.Kg2 Nh4+ 24.gxh4 Rxc8 25.Kf3 e5 26.e4 Be6 27.exd5 Bxd5+ 28.Ke3 Rc2
29.b4 Kg6 30.f4 exf4+ 31.Kxf4 f6 32.Ke3 Kh5 33.Kd4 Be6 34.a4 Kxh4 35.a5 Bd7
36.Kd5 Bc6+ 37.Kd6 Bb5 38.d4 Bxf1 39.Rxf1 Rc4 40.Rb1 Kxh3 41.Kd5 Rc2 42.b5 Ra2
43.a6 bxa6 44.b6 Re2 45.b7 Re8 46.b8=Q Rxb8 47.Rxb8 {#r} 1-0

[Event "BUCA 2017"]
[Site "masterchessopen.com Birmingham ENG"]
[Date "2017.02.26"]
[Round "4.1"]
[White "Taylor,Adam A"]
[Black "Martins,Dav"]
[Result "0-1"]
[WhiteElo "2165"]
[BlackElo "2393"]

1.Nf3 f5 2.c4 Nf6 3.Nc3 d6 4.g3 g6 5.Bg2 Bg7 6.O-O O-O 7.e4 fxe4 8.Ng5 Nc6
9.Ngxe4 Nxe4 10.Nxe4 Bf5 11.d3 Qd7 12.Be3 Nd4 13.Rb1 h6 14.b4 Bh3 15.f4 Bxg2
16.Kxg2 Nf5 17.Bg1 e5 18.Qd2 Rae8 19.Rbe1 a6 20.fxe5 Bxe5 21.d4 Bg7 22.d5 Re7
23.Nf2 Rfe8 24.Nd3 Nh4+ 25.Kh1 Rxe1 26.Rxe1 Rxe1 27.Qxe1 Qg4 28.Qe6+ Qxe6
29.dxe6 Nf5 30.Kg2 Kf8 31.Nf4 g5 32.Ng6+ Ke8 33.Kf3 {#R} 0-1

[Event "BUCA 2017"]
[Site "masterchessopen.com Birmingham ENG"]
[Date "2017.02.26"]
[Round "4.2"]
[White "Horton,Jamie A"]
[Black "Mueller,Constantin"]
[Result "0-1"]
[WhiteElo "2180"]
[BlackElo "2272"]

1.d4 e6 2.c4 d5 3.Nc3 Nf6 4.cxd5 exd5 5.Bg5 c6 6.e3 Be7 7.Qc2 Nbd7 8.Bd3 Nh5
9.Bxe7 Qxe7 10.Nge2 Nb6 11.O-O-O g6 12.Kb1 Ng7 13.Ng3 Bd7 14.Rc1 O-O-O 15.Na4
Nxa4 16.Qxa4 Kb8 17.Rc3 Be8 18.Rhc1 Ne6 19.Ra3 b6 20.Rac3 Rf8 21.Ne2 f6 22.Ka1
Rf7 23.Qc2 Qd6 24.g3 Re7 25.h4 Ng7 26.e4 Rc8 27.exd5 Qxd5 28.Nf4 Qd6 29.Be4 g5
30.hxg5 fxg5 31.Ne2 h6 32.f3 Ne6 33.a3 Nd8 34.Bf5 Rcc7 35.Be4 Bf7 36.f4 Bd5
37.Bxd5 Qxd5 38.fxg5 hxg5 39.Ng1 Kb7 40.Nf3 Ne6 41.g4 Rf7 42.Qd3 Rf4 43.Qe3
Rxg4 44.Rxc6 Rxc6 45.Rxc6 Qxc6 46.Ne5 Qh1+ 47.Ka2 Qd5+ 48.Ka1 Rxd4 {#R} 0-1

[Event "BUCA 2017"]
[Site "masterchessopen.com Birmingham ENG"]
[Date "2017.02.26"]
[Round "5.1"]
[White "Manole,S"]
[Black "Samolins,V"]
[Result "0-1"]
[WhiteElo "2078"]
[BlackElo "2402"]

1.e4 e5 2.Nf3 Nc6 3.d4 exd4 4.Nxd4 Nf6 5.Nxc6 bxc6 6.e5 Nd5 7.c4 Bb4+ 8.Bd2
Bxd2+ 9.Nxd2 Ne7 10.Bd3 Ng6 11.O-O O-O 12.Bxg6 fxg6 13.Qb3 d6 14.exd6 cxd6
15.Ne4 Be6 16.Rad1 d5 17.Nc5 Bf7 18.Rfe1 Qa5 19.Nd7 Rfe8 20.Qc3 Qxc3 21.bxc3
dxc4 22.Ne5 Bd5 23.f4 Rab8 24.Rb1 Rb6 25.Rxb6 axb6 26.a4 Ra8 27.Rb1 Rxa4
28.Rxb6 Kf8 29.Nxc6 Ra3 30.Rb8+ Kf7 31.Ne5+ Ke7 32.Rb5 Ke6 33.g4 Rxc3 34.Rb6+
Ke7 35.Ra6 Rc2 36.Ra7+ Kd6 37.Rxg7 Rg2+ 38.Kf1 Rxh2 39.Rd7+ Kc5 40.f5 gxf5
41.gxf5 Rh5 42.Nxc4 Kxc4 43.f6 Rf5+ 44.Kg1 h6 {#R} 0-1

[Event "BUCA 2017"]
[Site "masterchessopen.com Birmingham ENG"]
[Date "2017.02.26"]
[Round "5.3"]
[White "Monev,A"]
[Black "Rudakov,A"]
[Result "1-0"]
[WhiteElo "2224"]
[BlackElo "2243"]

1.e4 e6 2.d4 d5 3.Nd2 Nf6 4.e5 Nfd7 5.Bd3 c5 6.c3 Nc6 7.Ngf3 Be7 8.O-O g5 9.h3
h5 10.Bb5 cxd4 11.cxd4 g4 12.Bxc6 bxc6 13.hxg4 hxg4 14.Nh2 g3 15.fxg3 Qb6
16.Ndf3 Ba6 17.Rf2 Rg8 18.g4 O-O-O 19.g5 Kb7 20.Be3 c5 21.Rc1 cxd4 22.Bxd4 Bc5
23.Rxc5 Nxc5 24.b4 Qxb4 25.Rb2 Qxb2 26.Bxb2 Rc8 27.Ng4 Ka8 28.Nh6 Rg7 29.Bd4
Bc4 30.Qc1 {#r} 1-0

[Event "BUCA 2017"]
[Site "masterchessopen.com Birmingham ENG"]
[Date "2017.02.26"]
[Round "5.1"]
[White "Murphy,Conor E"]
[Black "Gantner,M"]
[Result "1-0"]
[WhiteElo "2077"]
[BlackElo "2296"]

1.Nf3 f5 2.g3 Nf6 3.Bg2 g6 4.c4 Bg7 5.O-O O-O 6.Nc3 d6 7.d3 e5 8.Rb1 a5 9.a3
Na6 10.b4 axb4 11.axb4 c6 12.Qb3 Nc7 13.b5 Bd7 14.bxc6 Bxc6 15.c5+ Kh8 16.Ba3
Nfe8 17.cxd6 Nxd6 18.Ng5 Qxg5 19.Bxd6 Rfc8 20.Bxc6 bxc6 21.Rfc1 Qf6 22.Bxc7
Rxc7 23.Nd5 {#r} 1-0

[Event "BUCA 2017"]
[Site "masterchessopen.com Birmingham ENG"]
[Date "2017.02.26"]
[Round "5.2"]
[White "Starley,Robert"]
[Black "Leon Cazares,G"]
[Result "0-1"]
[WhiteElo "2045"]
[BlackElo "2059"]

1.e4 c5 2.Nf3 d6 3.d4 cxd4 4.Nxd4 Nf6 5.Nc3 g6 6.Nd5 Nbd7 7.Bb5 Bg7 8.Nxf6+
Bxf6 9.O-O O-O 10.Be3 a6 11.Be2 Nc5 12.f3 Ne6 13.Kh1 d5 14.exd5 Qxd5 15.Nxe6
Qxe6 16.Bh6 Re8 17.c3 Qc6 18.Bd3 Rd8 19.Qc2 Be6 20.a3 Qb6 21.Qe2 Rd7 22.Rad1
Rad8 23.Be3 Qb3 24.Bh6 Bf5 25.Qf2 Rxd3 26.Rxd3 Bxd3 27.Re1 Bf5 28.g4 Be6
29.Re2 Rd1+ 30.Kg2 Qd5 31.Qa7 Bg7 32.Bxg7 Kxg7 33.h3 Rd2 34.Qe3 Rxe2+ 35.Qxe2
f6 36.Qe3 Qb3 37.Kg3 Qd5 38.Kg2 g5 39.Qe2 h5 40.Qe3 h4 41.Qb6 Qd2+ 42.Kg1 Qe1+
43.Kg2 Qg3+ 44.Kf1 Bc4# 0-1

[Event "Kragero Resort Chess 2017"]
[Site "masterchessopen.com Kragero NOR"]
[Date "2017.02.26"]
[Round "8.2"]
[White "Lie,Es"]
[Black "Thorfinnsson,Br"]
[Result "1-0"]
[WhiteElo "2429"]
[BlackElo "2453"]

1.Nf3 Nf6 2.c4 c5 3.Nc3 b6 4.g3 Bb7 5.Bg2 e6 6.O-O Be7 7.b3 O-O 8.Bb2 d5
9.cxd5 exd5 10.d4 Na6 11.Rc1 Re8 12.Re1 Bf8 13.Na4 c4 14.Nc3 Nc7 15.Ne5 b5
16.bxc4 bxc4 17.Qa4 Re6 18.Rb1 Ra6 19.Qc2 Rc8 20.Bc1 Ba8 21.Bg5 Nce8 22.Rb5
Nc7 23.Rb2 Be7 24.Rd1 h6 25.Bxf6 Bxf6 26.Ng4 Bg5 27.h4 Be7 28.Qf5 Ba3 29.Rbb1
Bc6 30.Ne5 Be8 31.e4 f6 32.Ng4 h5 33.Ne3 dxe4 34.Bxe4 g6 35.Qf3 Bf7 36.Bb7 Bf8
37.Bxc8 Qxc8 38.Qb7 Qd8 39.Qb8 Qd6 40.Rb7 Ra3 41.Ne4 Qe7 42.Qxc7 {#r} 1-0

[Event "Kragero Resort Chess 2017"]
[Site "masterchessopen.com Kragero NOR"]
[Date "2017.02.26"]
[Round "8.12"]
[White "Royset,P"]
[Black "Gonzalez,Francisco Silva"]
[Result "0-1"]
[WhiteElo "2166"]
[BlackElo "2028"]

1.e4 e5 2.Nf3 Nc6 3.Bc4 Bc5 4.O-O d6 5.c3 Bb6 6.Re1 Nf6 7.Na3 h6 8.d3 Qe7
9.Nc2 g5 10.Be3 Be6 11.Bb5 Bg4 12.Nb4 Bd7 13.Qa4 Nxb4 14.Bxd7+ Nxd7 15.Qxb4
O-O 16.Qc4 Kg7 17.d4 c6 18.Rad1 Nf6 19.dxe5 dxe5 20.Nd2 Bxe3 21.Rxe3 Rfd8
22.Ree1 Rd7 23.Nf1 Rad8 24.Rxd7 Rxd7 25.Ne3 Kg6 26.g3 Rd2 27.b4 Qe6 28.a4 b5
29.axb5 cxb5 30.Qxb5 Nxe4 31.Nc4 Nxc3 32.Nxe5+ Kg7 33.Qc5 Ne2+ 34.Rxe2 Rxe2
35.Nd3 Qf6 36.Kg2 a6 37.Qc4 Rd2 38.Qe4 Rc2 39.Nf4 Qc6 40.Qxc6 Rxc6 41.Nd5 Rd6
42.Ne3 Kg6 43.Nc4 Rd4 44.Ne5+ Kf6 45.Nc6 Rd6 46.Na5 Rb6 {#R} 0-1

[Event "Kragero Resort Chess 2017"]
[Site "masterchessopen.com Kragero NOR"]
[Date "2017.02.26"]
[Round "9.3"]
[White "Kveinys,A"]
[Black "Kaasen,Tor Fredrik"]
[Result "1-0"]
[WhiteElo "2508"]
[BlackElo "2468"]

1.e4 c5 2.Nf3 e6 3.g3 Nc6 4.Bg2 d6 5.O-O Nf6 6.Qe2 Be7 7.Rd1 Qc7 8.c3 O-O 9.d4
d5 10.e5 Ne4 11.Be3 b6 12.Ne1 cxd4 13.cxd4 Nb4 14.Rc1 Qd8 15.a3 Ba6 16.Qd1
{#r} 1-0

[Event "Kragero Resort Chess 2017"]
[Site "masterchessopen.com Kragero NOR"]
[Date "2017.02.26"]
[Round "9.6"]
[White "Miezis,N"]
[Black "Sahl,S"]
[Result "1-0"]
[WhiteElo "2505"]
[BlackElo "2169"]

1.c4 e5 2.Nc3 Bb4 3.g3 Bxc3 4.dxc3 d6 5.Bg2 Nc6 6.Nf3 Nge7 7.e4 Be6 8.b3 h6
9.Ba3 b6 10.Nh4 Qd7 11.h3 Rb8 12.Qe2 g5 13.Nf3 Ng6 14.h4 g4 15.Nd2 h5 16.Nf1
a5 17.Ne3 a4 18.b4 Nce7 19.O-O-O b5 20.Nd5 Kf8 21.cxb5 Rxb5 22.Kb2 Rb8 23.Ka1
Kg7 24.Ne3 f5 25.exf5 Nxf5 26.Nxf5+ Bxf5 27.c4 Nf8 28.b5 Ne6 29.Qxe5+ dxe5
30.Rxd7+ Kg6 31.Rhd1 Rbc8 32.R7d5 c6 33.Rxe5 cxb5 34.cxb5 Rhd8 35.Red5 Rxd5
36.Bxd5 Rc2 37.b6 Rxf2 38.b7 Nd4 39.Rxd4 {#r} 1-0

[Event "8th Pfalz Open 2017"]
[Site "masterchessopen.com Neustadt an der Weinstrasse GER"]
[Date "2017.02.26"]
[Round "4.1"]
[White "Deac,Bogdan-Daniel"]
[Black "Feuerstack,A"]
[Result "0-1"]
[WhiteElo "2572"]
[BlackElo "2449"]

1.d4 Nf6 2.Bf4 d5 3.e3 c5 4.c3 Nc6 5.Nd2 Bf5 6.Qb3 Qd7 7.Ngf3 c4 8.Qd1 h6 9.a4
e6 10.Ne5 Nxe5 11.Bxe5 a6 12.Bxf6 gxf6 13.b3 cxb3 14.Qxb3 Qc7 15.c4 dxc4
16.Bxc4 Rc8 17.Ke2 Bd6 18.Rhc1 Qd7 19.Bd3 Bxd3+ 20.Kxd3 O-O 21.Nc4 Rc7 22.Nb6
Qd8 23.Ke2 Kh8 24.g3 Rg8 25.Rc4 a5 26.Rac1 Rxc4 27.Nxc4 Bb4 28.Qd3 Qd5 29.Nd2
b5 30.axb5 Rb8 31.Ne4 Qh5+ 32.f3 Qxh2+ 33.Nf2 Qh5 34.Rh1 Qxb5 35.Rxh6+ Kg7
36.Qxb5 Rxb5 37.Rh1 a4 38.Rb1 a3 39.Nd3 Bc3 40.Rxb5 a2 41.Rc5 a1=Q 42.f4 Qa2+
{#R} 0-1

[Event "8th Pfalz Open 2017"]
[Site "masterchessopen.com Neustadt an der Weinstrasse GER"]
[Date "2017.02.26"]
[Round "4.9"]
[White "Schmitzer,K"]
[Black "Kozul,Z"]
[Result "0-1"]
[WhiteElo "2303"]
[BlackElo "2616"]

1.e4 c5 2.Nf3 d6 3.d4 cxd4 4.Nxd4 Nf6 5.Nc3 Nc6 6.Bg5 e6 7.Qd2 a6 8.f3 h6
9.Be3 Ne5 10.O-O-O b5 11.a3 Bb7 12.h3 Rc8 13.f4 Nc4 14.Bxc4 Rxc4 15.e5 Ne4
16.Nxe4 Bxe4 17.Qe2 d5 18.f5 exf5 19.e6 Bc5 20.exf7+ Kxf7 21.Rd2 Re8 22.Rf1
Kg8 23.Qf2 f4 24.Qxf4 Rf8 25.Qxf8+ Bxf8 26.Ne6 Qe7 27.Nxf8 Bxc2 {#R} 0-1

[Event "8th Pfalz Open 2017"]
[Site "masterchessopen.com Neustadt an der Weinstrasse GER"]
[Date "2017.02.26"]
[Round "4.13"]
[White "Milanovic,Da"]
[Black "Osmanodja,F"]
[Result "1-0"]
[WhiteElo "2502"]
[BlackElo "2365"]

1.d4 Nf6 2.c4 e6 3.Nc3 d5 4.cxd5 exd5 5.Bg5 c6 6.e3 h6 7.Bh4 Be7 8.Bd3 Ne4
9.Bxe7 Qxe7 10.Bxe4 dxe4 11.Qc2 Bf5 12.Nge2 O-O 13.O-O Re8 14.Rab1 Nd7 15.b4
Rac8 16.Qa4 a6 17.Qa5 Bh7 18.Na4 Nf6 19.Nb6 Rcd8 20.Qc5 Qc7 21.Rbc1 Nd7
22.Nxd7 Qxd7 23.a4 Qg4 24.Nf4 g5 25.h3 Qd7 26.Ne2 Bf5 27.Ng3 Bg6 28.b5 cxb5
29.axb5 Rc8 30.Qb4 axb5 31.Rb1 f5 32.Qxb5 Qxb5 33.Rxb5 f4 34.Ne2 Rc2 35.Re1
fxe3 36.fxe3 Ra8 37.Rxb7 Raa2 38.Rc1 Rxc1+ 39.Nxc1 Rc2 40.Nb3 Bf7 41.Nc5 Re2
42.Nxe4 Rxe3 43.Nf6+ Kf8 44.Kf2 Rd3 45.Nd7+ Ke8 46.Ne5 Rxd4 47.Rb8+ {#r} 1-0

[Event "8th Pfalz Open 2017"]
[Site "masterchessopen.com Neustadt an der Weinstrasse GER"]
[Date "2017.02.26"]
[Round "4.14"]
[White "Hildenbrand,P"]
[Black "Noe,C"]
[Result "0-1"]
[WhiteElo "2244"]
[BlackElo "2429"]

1.d4 d5 2.Bf4 Nf6 3.e3 c5 4.c3 Nc6 5.Nd2 e6 6.Bd3 Bd6 7.Bxd6 Qxd6 8.f4 Bd7
9.a3 Ne7 10.Ngf3 Nf5 11.Qe2 Qb6 12.e4 dxe4 13.Nxe4 Nxe4 14.Bxe4 O-O 15.dxc5
Qxc5 16.g4 Bb5 17.Qf2 Ne3 18.h3 Ng2+ 19.Qxg2 Qe3+ 20.Kd1 Qxe4 21.Rh2 Rfd8+
22.Nd4 Rxd4+ 23.cxd4 Qxd4+ 24.Kc1 Rc8+ 25.Kb1 Qd1+ {#R} 0-1

[Event "8th Pfalz Open 2017"]
[Site "masterchessopen.com Neustadt an der Weinstrasse GER"]
[Date "2017.02.26"]
[Round "4.15"]
[White "Colpe,M"]
[Black "Jones,Steven A"]
[Result "1-0"]
[WhiteElo "2408"]
[BlackElo "2157"]

1.d4 Nf6 2.c4 g6 3.Nc3 Bg7 4.e4 d6 5.f4 O-O 6.Nf3 c5 7.d5 e6 8.Be2 exd5 9.cxd5
Bg4 10.O-O Nbd7 11.h3 Bxf3 12.Bxf3 Re8 13.g4 h6 14.Qc2 c4 15.Be3 Qa5 16.b4
Qxb4 17.Rab1 Qa3 18.Rfe1 a6 19.Rxb7 Nc5 20.Bxc5 Qxc5+ 21.Kg2 Rab8 22.Rxb8 Rxb8
23.e5 Re8 24.Qa4 dxe5 25.g5 hxg5 26.fxg5 e4 27.Bg4 Rb8 28.gxf6 Bxf6 29.Nxe4
Qxd5 30.Re2 Rb6 31.Bf3 Qb5 32.Qd1 Bb2 33.Qd8+ Kg7 34.Nd6 Bf6 35.Ne8+ Kh6
36.Nxf6 {#r} 1-0

[Event "8th Pfalz Open 2017"]
[Site "masterchessopen.com Neustadt an der Weinstrasse GER"]
[Date "2017.02.26"]
[Round "4.16"]
[White "Fieberg,Samuel"]
[Black "Perske,Thore"]
[Result "0-1"]
[WhiteElo "2239"]
[BlackElo "2400"]

1.e4 e6 2.Nf3 d5 3.Nc3 Nf6 4.e5 Nfd7 5.d4 c5 6.Bg5 Qb6 7.dxc5 Bxc5 8.Qd2 Nc6
9.O-O-O Qa5 10.a3 a6 11.Kb1 Rb8 12.h4 h6 13.Be3 b5 14.Bxc5 Nxc5 15.b4 Nxb4
16.axb4 Qxb4+ 17.Ka2 Qa5+ 18.Kb1 b4 19.Na2 Ne4 20.Qe3 Nc3+ 21.Kc1 Qxa2 22.Re1
Ne4 23.Qb3 Qa3+ 24.Qxa3 bxa3 25.c4 Bd7 26.cxd5 a2 27.Kc2 Ba4+ {#R} 0-1

[Event "8th Pfalz Open 2017"]
[Site "masterchessopen.com Neustadt an der Weinstrasse GER"]
[Date "2017.02.26"]
[Round "4.17"]
[White "Chernov,Va"]
[Black "Baltic,Fatih"]
[Result "0-1"]
[WhiteElo "2391"]
[BlackElo "2258"]

1.e4 e5 2.Nf3 Nc6 3.Bb5 a6 4.Bxc6 dxc6 5.O-O Bg4 6.h3 h5 7.d3 Qf6 8.Nbd2 g5
9.Nc4 Bxf3 10.Qxf3 Qxf3 11.gxf3 f6 12.h4 gxh4 13.f4 b5 14.Na5 exf4 15.Bxf4 Kd7
16.Kh2 Bh6 17.Bxh6 Nxh6 18.Kh3 Rag8 19.Rg1 Ng4 20.Rg2 Ne5 21.Rxg8 Rxg8 22.Nb3
Nf3 23.Nc5+ Kd6 24.b4 Rg4 25.d4 Ng5+ 26.Kh2 h3 27.e5+ fxe5 28.dxe5+ Ke7 {#R}
0-1

[Event "8th Pfalz Open 2017"]
[Site "masterchessopen.com Neustadt an der Weinstrasse GER"]
[Date "2017.02.26"]
[Round "4.19"]
[White "Zuferi,E"]
[Black "Carow,J"]
[Result "0-1"]
[WhiteElo "2197"]
[BlackElo "2420"]

1.d4 Nf6 2.Nf3 g6 3.c4 Bg7 4.Nc3 d5 5.cxd5 Nxd5 6.e4 Nxc3 7.bxc3 c5 8.Rb1 O-O
9.Be2 Nc6 10.d5 Ne5 11.Nxe5 Bxe5 12.Qd2 e6 13.f4 Bc7 14.O-O exd5 15.exd5 Ba5
16.d6 Rb8 17.Rb5 Bf5 18.Ba3 a6 19.Rxc5 Bb6 20.Kh1 Bxc5 21.Bxc5 Rc8 22.Bb4 Qd7
23.Rd1 Rfe8 24.Bf3 Be4 25.Be2 Bf5 26.Bf3 b5 27.Qd5 Rc4 28.Qb7 Rxf4 29.Qxa6 Be4
30.Bxe4 Rfxe4 31.c4 Rxc4 32.a3 Rc2 33.Rg1 h5 34.Qb6 h4 35.h3 Ree2 36.Kh2 Re4
37.Qb8+ Kg7 38.Rf1 Ree2 39.Rg1 Qc6 40.Bc3+ Qxc3 41.d7 Qg3+ {#R} 0-1

[Event "8th Pfalz Open 2017"]
[Site "masterchessopen.com Neustadt an der Weinstrasse GER"]
[Date "2017.02.26"]
[Round "4.20"]
[White "Hoolt,S"]
[Black "Trifan,Andrei Ioan"]
[Result "1-0"]
[WhiteElo "2390"]
[BlackElo "2191"]

1.e4 e5 2.Nf3 Nc6 3.Bc4 Bc5 4.O-O Nf6 5.d4 exd4 6.e5 d5 7.exf6 dxc4 8.fxg7 Rg8
9.Re1+ Be6 10.Bg5 Be7 11.Bxe7 Kxe7 12.Nbd2 Kf6 13.b3 c3 14.Ne4+ Kxg7 15.Nfg5
Bf5 16.Qh5 Bg6 17.Qf3 h6 18.Nh3 Qd5 19.Nf4 Qf5 20.Ng3 Qg5 21.Nxg6 Qxg6 22.Re4
Kh8 23.Rae1 Rad8 24.h3 Rd5 25.Rf4 Re5 26.Rxe5 Nxe5 27.Qd5 Nc6 28.Nf5 Qe6
29.Qf3 Ne5 30.Qe4 d3 31.Nxh6 f5 32.Nxf5 Rg5 33.Rh4+ Kg8 34.Nd4 Qf7 35.cxd3 c5
36.f4 cxd4 37.fxg5 c2 38.Qxe5 c1=Q+ 39.Kh2 Qf2 40.Rh8+ Kf7 41.Qe8+ Kg7 42.Qg8#
1-0

[Event "ch-CHI 2017"]
[Site "masterchessopen.com Santiago CHI"]
[Date "2017.02.26"]
[Round "10.1"]
[White "Gutierrez Montes,Sebastian"]
[Black "Sanchez Sandoval,Gonzalo"]
[Result "0-1"]
[WhiteElo "2166"]
[BlackElo "2256"]

1.e4 c5 2.Nf3 d6 3.d4 cxd4 4.Nxd4 Nf6 5.Nc3 Nc6 6.Bg5 e6 7.Qd2 a6 8.O-O-O Qb6
9.Nb3 Be7 10.f3 O-O 11.g4 Qc7 12.Be3 b5 13.g5 Nd7 14.h4 Nce5 15.f4 b4 16.Na4
Nc4 17.Bxc4 Qxc4 18.Kb1 a5 19.Qd4 Qc6 20.Nb6 Nxb6 21.Qxb6 Qxe4 22.Rhe1 a4
23.Rd4 Qf5 24.Nc1 b3 25.axb3 axb3 26.Nxb3 e5 27.Rd2 Be6 28.Qb7 Rfe8 29.Ba7
Bxb3 30.fxe5 dxe5 31.Rf2 Ba2+ 32.Ka1 Qe6 33.b3 Qd6 {#R} 0-1

[Event "ch-CHI 2017"]
[Site "masterchessopen.com Santiago CHI"]
[Date "2017.02.26"]
[Round "10.5"]
[White "Henriquez Villagra,C"]
[Black "Hernandez Riera,J"]
[Result "1-0"]
[WhiteElo "2538"]
[BlackElo "2204"]

1.e4 d5 2.exd5 Qxd5 3.Nc3 Qa5 4.Nf3 Nf6 5.Bc4 Nc6 6.h3 Bf5 7.d3 Ne5 8.Nxe5
Qxe5+ 9.Be3 c6 10.Qe2 g6 11.f4 Qa5 12.Bd2 Bg7 13.g4 Bd7 14.Nb5 Qb6 15.Nd6+ Kf8
16.Nxf7 Qxb2 17.O-O Nd5 18.Nxh8 Bxh8 19.Rae1 Re8 20.f5 gxf5 21.gxf5 Qd4+
22.Kh2 Qh4 23.Qe4 Qxe4 24.dxe4 Be5+ 25.Kh1 Nb6 26.Bb3 Bg7 27.f6 {#r} 1-0

[Event "ch-UKR Girls U20 2017"]
[Site "masterchessopen.com Lviv UKR"]
[Date "2017.02.26"]
[Round "7.1"]
[White "Osmak,Iulija"]
[Black "Barchuk,Irina"]
[Result "1-0"]
[WhiteElo "2343"]
[BlackElo "2139"]

1.d4 Nf6 2.Bf4 c5 3.e3 cxd4 4.exd4 d6 5.c3 g6 6.Nf3 Bg7 7.Be2 O-O 8.O-O a6
9.h3 Nbd7 10.a4 b6 11.Re1 Bb7 12.Bh2 Re8 13.Nbd2 Ra7 14.Bc4 Qa8 15.Qb3 d5
16.Bd3 Ne4 17.Bxe4 dxe4 18.Ng5 Bd5 19.c4 e3 20.Qxe3 Bxg2 21.f3 h6 22.Nxf7 Bxh3
23.Nxh6+ Kh7 24.Nf7 Bf5 25.Ne4 Rc8 26.Nfg5+ Kh8 27.b3 b5 28.Ng3 bxc4 29.Nxf5
gxf5 30.Ne6 Qc6 31.Kf2 Nf8 32.d5 Qb7 33.Be5 Nxe6 34.Qh6+ Kg8 35.Qxe6+ {#r} 1-0

[Event "Sharjah Grand Prix 2017"]
[Site "masterchessopen.com Sharjah UAE"]
[Date "2017.02.27"]
[Round "9.8"]
[White "Eljanov,P"]
[Black "Salem,AR"]
[Result "1-0"]
[WhiteElo "2759"]
[BlackElo "2656"]

1.e4 c5 2.Nf3 d6 3.Bb5+ Nd7 4.c3 Nf6 5.Bd3 e6 6.Bc2 b5 7.d4 Bb7 8.Nbd2 Be7
9.O-O cxd4 10.cxd4 O-O 11.Re1 Rc8 12.Nf1 e5 13.Ng3 g6 14.Bb3 exd4 15.Bh6 Re8
16.Ng5 Ne5 17.a4 d5 18.exd5 Bb4 19.Rxe5 Rxe5 20.Qxd4 Bd6 21.Nf3 Qb6 22.Qh4
Nxd5 23.Nxe5 Bxe5 24.Qe4 Qe6 25.axb5 Bxb2 26.Qxe6 fxe6 27.Rxa7 Rc3 28.Rxb7
Rxb3 29.Ne4 Bd4 30.g3 Rb2 31.Kh1 Rb1+ 32.Kg2 Rb2 33.Ng5 Rxf2+ 34.Kh3 Be5
35.Ra7 Nb6 36.Re7 Bd6 37.Re8+ Bf8 38.Nxe6 {#r} 1-0